Ultimate Brooklyn Nine-Nine Quiz - Statistics

General Stats
  • This quiz has been taken 360 times
    351 since last reset
  • The average score is 17 of 48
Answer Stats
Question Answer % Correct
Which letter on Rosa's keyboard does Lohank jam with his stubble? R
90%
What is the name of Gina's daughter? Enigma/Iggy
78%
Which character has a twin? Norm Scully
78%
Who was Rosa's partner in Season 7 Halloween Heist? Scully/Filing Cabinet
74%
When Great Nana Boyle passed away, what did she mistakenly leave for Gina, instead of Tina? The Mother Dough
74%
What is the name of the fire marshal who is enemies with Jake? Fire Marshal Boone
63%
Which pizza joint that is nostalgic for Jake gets burned down? Sal's
63%
How many years was Adrian undercover for? 12 Years
61%
When Charles wore a tie with a splash of purple, what nickname did the squad call him for two years? Mr. Grape
60%
What dance move does Jake show Terry that he can, in fact, do? The Worm
59%
What does Adrian wear when practising Tai Chi? Underwear
59%
What actor stars in all of the movies that Jake brings into the safe house with Kevin? Nicholas Cage
54%
Who is Charles's celebrity crush? Dianne Wiest
46%
What car does Jake drive? Mustang
44%
Who was the 99's captain before Holt? Captain McGintley
43%
Who did Adrian Pimento do undercover work for? Jimmy "The Butcher" Figgis
42%
What phone game does Ginas get Holt addicted to? Kwazy Kupcakes
42%
Where is Jake and Amy's first kiss? A Restaurant
40%
What does Doug Judy name Holt's new car? Sexarella
39%
Name one of Terry's passwords Yoghurt
39%
In Season 5, Amy and Rosa chase after Sergio Mindar. What does he smell like? An English Garden
38%
What crime does Jake accuse Dustin Whitman of? Jewellery Store Robbery
36%
What is the name of Amy's only friend? Kylie
36%
What unfriendly dog does Jake run into while looking for Cheddar? Shredder
36%
Name one of the women Hitchcock has been romantically involved with. Lucille / Brandy / Francince / Madison / Bethany / Anna / Kelly / Jamie
31%
When on the hunt for Gregor Minsk, what nickname does Jake give Amy, his "femme fatele?" Maxi Pads
31%
What section of the precinct had the best Christmas party? Sex Crimes Unit
29%
When Holt is transferred to the Public Relations office, who replaces him briefly? Captain Seth Dozerman
28%
On their honeymoon, who does Amy dress up as? Holly Gennaro/Bonnie Bedelia
28%
Instead of Holt's proposed "Escape the Room," exercise, where does Gina suggest they go? Las Vegas
27%
Which member of the Boyle family does Gina have a child with? Milton Boyle
27%
After taking Gina's personality test, what category does Holt find himself in? I9 C3 G6
26%
What does Amy cook for Jake and Holt when they get the mumps? Baked Ziti
25%
Fred Armisen plays a recurring character in the series, how does he spell his name? Mlepnos/Mlepclaynos
25%
What is the first movie that Jake quotes? Donnie Brasco
24%
Name one of the series' creators Michael Schur/Dan Goor
21%
What is Charles' favourite video game? Mrs. Pac-Man
17%
What movie was Rosa watching when she realised she was bi-sexual? Saved by the Bell
15%
According to Hitchcock, why does Rosa give him her jacket and her motorcycle helmet? Because he's a rebel, and they're in love, doi.
14%
Name one of the three hackers that Charles knows Pandemic
14%
What case of Jake and Terry's is "unsolvable"? Case 52ABX-32QJ
13%
Who's Crossover SUV does Jake commandeer? Jess Day/Schmidt's Mum's Car
12%
When is Lynn Boyle's birthday? June 10
10%
Where in France did Scully's parents forget him? The Lourve
10%
What is the full name of "The Disco Strangler" Ernest Zumowski
7%
What is Genevieve's last name? Mirren-Carter
6%
What car does Philip Davidson, "the dentist who killed someone," claim his victim drove? Saab
6%
What prison does Jake go to? Jericho Supermax Prison
3%
No matching quizzes found
Score Distribution
Percent of People with Each Score
Percentile by Number Answered
Your Score History
You have not taken this quiz since the last reset